000 00687nam a22001937a 4500
003 koha_MIRAKIL
005 20250428105559.0
008 250428b tur||||| |||| 00| 0 tur d
020 _a9786057309617
040 _aTR-IsEVY
_btur
_cTR-IsEVY
082 _a332 PAR
245 0 _aPara nedir ? :
_bküçük kitaplar büyük fikirler /
_cresimleyen Katie Rewse.
260 _aİstanbul :
_bMega Kids Yayıncılık,
_c2023.
300 _a31 s. :
_brenkli resimli ;
_c25 cm.
490 0 _aKüçük kitaplar büyük fikirler .
650 _aEkonomi.
_vPara.
_vFinansal Okuryazarlık.
_vPara Harcamak.
_vÖz Yönetim.
_vİstek-İhtiyaç.
700 1 _aRewse, Katie
_cresimleyen.
942 _2ddc
_cBK
999 _c21954
_d21954